00624nam a2200157Ia 4500008004100000082001500041100001300056245006100069260003300130300000800163630006100171730006100232942000900293999001900302952014500321100122s9999 xx 000 0 und d b65926a425 aREGO A G aAIDS TO ENGLISH COMPOSITION PART IV (क.क्र.14/4) bBETTER YOUR SELF BOOKSc1988 a223 aAIDS TO ENGLISH COMPOSITION PART IV (क.क्र.14/4) aAIDS TO ENGLISH COMPOSITION PART IV (क.क्र.14/4) cBOOK c380273d380270 00104070aSVPPARLEbSVPPARLEd2004-08-31g45.00l0o65926pSVPPARLE-65926r2010-01-25 00:00:00v45.00w2010-01-25yBOOKz", , General, NA"